| 000 | 01308nam a22003497a 4500 | ||
|---|---|---|---|
| 001 | 403 | ||
| 003 | FISKH | ||
| 005 | 20230407150920.0 | ||
| 008 | 230407b cb ||||| |||| 00| 0 eng d | ||
| 020 | _a051488019954 | ||
| 040 |
_aDLC _cDLC _dDLC _dFISKH _beng |
||
| 042 | _alcac | ||
| 050 | 0 | 0 |
_aPZ7.M26573 _bEag 2003 |
| 082 | 0 | 0 |
_a371 _222 |
| 100 | 0 |
_aCiccone, Madonna Louise _d1958- |
|
| 245 | 1 | 4 |
_aThe English Roses / _cby Madonna ; illustrated by Jeffrey Fulvimari. |
| 250 | _a1st ed. | ||
| 260 |
_aNew York : _bCallaway, _c2003. |
||
| 300 |
_a46 p. : _bcol. ill. ; _c27 cm. |
||
| 520 | _aFour best friends are jealous of a neighbor girl and refuse to have anything to do with her, until they each have a dream in which a fairy godmother shows them what the girl's life is really like. | ||
| 521 | 8 |
_a680
_bLexile AD |
|
| 521 | 8 |
_aM
_bRaz-Plus |
|
| 650 | 1 |
_aBest friends _vFiction. |
|
| 650 | 1 |
_aFriendship _vFiction. |
|
| 650 | 1 |
_aJealousy _vFiction. |
|
| 650 | 1 |
_aFairies _vFiction. |
|
| 700 | 1 |
_aFulvimari, Jeffrey, _eill. |
|
| 856 | 4 | 2 |
_3Publisher description _uhttp://www.loc.gov/catdir/enhancements/fy1505/2003012261-d.html |
| 906 |
_a7 _bcbc _corignew _d1 _eecip _f20 _gy-gencatlg |
||
| 942 |
_2ddc _cBK _n0 |
||
| 999 |
_c403 _d403 |
||